000 00266nam a22001217a 4500
020 _a0-7214-2041-9
082 _a823
_bJEA/S
100 _aJEAN
245 _aA SPECIAL VISIT
_bTOPSY+TIM
260 _aLONDON
_bLADYBIRD
650 _aENGLISH SHORT STORY
_zUK
942 _cBK
999 _c4114
_d4114